[Event "USCL Week 1"]
[Site "Internet Chess Club"]
[Date "2014.08.27"]
[Round "?"]
[White "Sharevich, Anna"]
[Black "Defibaugh, Jared"]
[Result "1/2-1/2"]
[WhiteElo "2367"]
[BlackElo "2325"]
[PlyCount "146"]
[EventDate "2014.??.??"]

1. d4 Nf6 2. c4 g6 3. Nc3 d5 4. cxd5 Nxd5 5. e4 Nxc3 6. bxc3 Bg7 7. Ba3 Nd7 8.
Bc4 c5 9. Qb3 O-O 10. Nf3 cxd4 11. cxd4 Nb6 12. Be2 Be6 13. Qb4 Rc8 14. O-O Bc4
15. Rfe1 Re8 16. Rad1 e6 17. Bxc4 Nxc4 18. Bc1 Qe7 19. Qb3 b6 20. e5 h6 21. h4
Red8 22. g3 Rd5 23. Bf4 b5 24. Rc1 Qd7 25. Qb1 Qb7 26. Qe4 Rd7 27. Qxb7 Rxb7
28. Nd2 Rd7 29. Be3 Bf8 30. Ne4 Be7 31. Bxh6 Rxd4 32. Bg5 Ba3 33. Rc2 Rc6 34.
Nf6+ Kg7 35. Rce2 Bb4 36. Rf1 a5 37. Kg2 Bd2 38. Rd1 Bc3 39. Rh1 Rd3 40. Ng4
Rd4 41. Bf6+ Kh7 42. f3 Rd2 43. Rxd2 Bxd2 44. Bg5 Rc8 45. Rd1 Bxg5 46. hxg5 Kg7
47. f4 Nb6 48. Nf6 Nd5 49. Nxd5 exd5 50. Rxd5 Rb8 51. Rd7 Kf8 52. Ra7 a4 53.
Ra5 Rc8 54. Rxb5 Rc2+ 55. Kf3 Rxa2 56. Ra5 Ra1 57. g4 a3 58. f5 a2 59. Kg2 Ke7
60. Ra7+ Ke8 61. f6 Re1 62. Rxa2 Rxe5 63. Ra8+ Kd7 64. Ra7+ Kd6 65. Rxf7 Rxg5
66. Kf3 Ke6 67. Rf8 Ra5 68. Kf4 g5+ 69. Kg3 Ra3+ 70. Kg2 Ra4 71. Kg3 Ra3+ 72.
Kg2 Ra4 73. Kg3 Ra3+ 1/2-1/2

[Event "USCL Week 1"]
[Site "Internet Chess Club"]
[Date "2014.08.27"]
[Round "?"]
[White "Liou, Yian"]
[Black "Stukopin, Andrey"]
[Result "0-1"]
[WhiteElo "2475"]
[BlackElo "2631"]
[PlyCount "90"]
[EventDate "2014.??.??"]

1. e4 c5 2. Nf3 e6 3. d4 cxd4 4. Nxd4 Nc6 5. Nc3 Qc7 6. Qd3 a6 7. Nxc6 dxc6 8.
Qg3 Qxg3 9. hxg3 e5 10. f4 Nf6 11. Be3 b5 12. Be2 Be7 13. Bf3 Ng4 14. Bb6 O-O
15. a4 Rb8 16. a5 Rb7 17. Nd1 Nf6 18. Nf2 c5 19. Nd3 Nd7 20. Nxe5 Nxb6 21. axb6
Rxb6 22. Bg4 Rd6 23. Bxc8 Rxc8 24. Nf3 f6 25. Kf2 c4 26. g4 Re6 27. Rhe1 Bc5+
28. Kg3 Rce8 29. e5 fxe5 30. fxe5 h6 31. Kf4 Bf2 32. Re2 Rf8+ 33. Ke4 Bg3 34.
Kd5 Kf7 35. g5 Rd8+ 36. Kc5 h5 37. Rh1 Kg6 38. Rh3 Bf4 39. Re4 Kf5 40. Re1 Bxe5
41. Nh4+ Kf4 42. Rf1+ Kxg5 43. Nf3+ Kg6 44. b3 Bf6 45. bxc4 Be7# 0-1

[Event "USCL Week 1"]
[Site "Internet Chess Club"]
[Date "2014.08.27"]
[Round "?"]
[White "Korba, Nicky"]
[Black "Vaidya, Atulya"]
[Result "0-1"]
[WhiteElo "2261"]
[BlackElo "2165"]
[PlyCount "94"]
[EventDate "2014.??.??"]

1. Nf3 Nf6 2. g3 g6 3. b3 Bg7 4. Bb2 d6 5. d4 b6 6. c4 O-O 7. Bg2 Bb7 8. d5 c6
9. dxc6 Bxc6 10. O-O Nbd7 11. Nbd2 Qc7 12. Qc2 Rfd8 13. Rfe1 Nc5 14. Nh4 Bxg2
15. Nxg2 d5 16. cxd5 Nxd5 17. Bxg7 Kxg7 18. b4 Ne6 19. Qb2+ Qc3 20. Qxc3+ Nxc3
21. Nf3 a5 22. bxa5 Rxa5 23. Ne3 b5 24. Kf1 b4 25. Nc2 Rb8 26. Nd2 g5 27. Rec1
Rxa2 28. Rxa2 Nxa2 29. Rb1 Nc5 30. Rb2 b3 31. Nd4 e5 32. Nf5+ Kf6 33. Ne3 Nc3
34. Ke1 N3a4 35. Rb1 h5 36. f3 Ke6 37. g4 hxg4 38. fxg4 b2 39. Nd1 Rb4 40. h3
Kf6 41. e3 Nb7 42. Ke2 Nd6 43. Kd3 Nb5 44. Nc4 Nc5+ 45. Ke2 Rxc4 46. Rxb2 Nd6
47. Rb6 Rc2+ 0-1

[Event "USCL Week 1"]
[Site "Internet Chess Club"]
[Date "2014.08.27"]
[Round "?"]
[White "Kavutskiy, Konstantin"]
[Black "Xiong, Jeffery"]
[Result "1/2-1/2"]
[WhiteElo "2397"]
[BlackElo "2542"]
[PlyCount "97"]
[EventDate "2014.??.??"]

1. d4 Nf6 2. c4 g6 3. f3 d5 4. cxd5 Nxd5 5. e4 Nb6 6. Nc3 Bg7 7. Be3 O-O 8. Qd2
Nc6 9. O-O-O Qd6 10. Nb5 Qd7 11. f4 a6 12. Nc3 Na5 13. Nf3 Nbc4 14. Qe2 Nxe3
15. Qxe3 b5 16. Ne5 Qd6 17. Kb1 Bb7 18. h4 Rfd8 19. Be2 e6 20. h5 Nc6 21. Nxc6
Qxc6 22. hxg6 hxg6 23. Bf3 Qc4 24. e5 Bxf3 25. Qxf3 Rab8 26. b3 Qb4 27. d5 Qe7
28. dxe6 Qxe6 29. g4 g5 30. Rde1 gxf4 31. Qxf4 Qg6+ 32. Qf5 Re8 33. Nd5 Rbd8
34. Nf6+ Bxf6 35. Qxg6+ fxg6 36. exf6 Rxe1+ 37. Rxe1 Kf7 38. g5 Rd5 39. Re7+
Kf8 40. Rxc7 Rxg5 41. Rg7 Rg2 42. a4 bxa4 43. bxa4 Rg4 44. Kb2 Rxa4 45. Rxg6
Kf7 46. Kb3 Kxg6 47. Kxa4 Kxf6 48. Ka5 Ke5 49. Kxa6 1/2-1/2

[Event "USCL Week 1"]
[Site "Internet Chess Club"]
[Date "2014.08.27"]
[Round "?"]
[White "Cozianu, Costin"]
[Black "Ginsburg, Mark"]
[Result "0-1"]
[WhiteElo "2466"]
[BlackElo "2397"]
[PlyCount "86"]
[EventDate "2014.??.??"]

1. e4 c5 2. d3 Nc6 3. g3 g6 4. Bg2 Bg7 5. c3 e5 6. a3 Nge7 7. b4 d6 8. h4 h6 9.
bxc5 dxc5 10. Be3 c4 11. dxc4 Qxd1+ 12. Kxd1 Na5 13. Nd2 Be6 14. Bf1 O-O 15.
Rb1 f5 16. Rb5 Nec6 17. h5 f4 18. gxf4 exf4 19. Bd4 g5 20. Bxg7 Kxg7 21. Ngf3
Rad8 22. Nd4 Bd7 23. Bh3 Nxd4 24. Rxa5 Nf3 25. Bxd7 Nxd2 26. Kxd2 Rxd7+ 27. Rd5
Re7 28. Kd3 Rf6 29. a4 Rb6 30. Rd1 Rb2 31. Rd2 Rxd2+ 32. Kxd2 Rxe4 33. Rd7+ Kf6
34. Rxb7 f3 35. Rxa7 Re2+ 36. Kd3 g4 37. Ra6+ Kg5 38. Ra5+ Kh4 39. Rf5 Rxf2 40.
c5 Ra2 41. c6 Rxa4 42. c7 Ra8 43. Rf7 Kg3 0-1

[Event "USCL Week 1"]
[Site "Internet Chess Club"]
[Date "2014.08.27"]
[Round "?"]
[White "Guadalupe, Francisco"]
[Black "Duckworth, Mark"]
[Result "1-0"]
[WhiteElo "2351"]
[BlackElo "2316"]
[PlyCount "135"]
[EventDate "2014.??.??"]

1. e4 e6 2. d4 d5 3. Nc3 Bb4 4. e5 c5 5. a3 Bxc3+ 6. bxc3 Qa5 7. Bd2 Qa4 8. Qb1
c4 9. f4 Nc6 10. Nf3 Bd7 11. Be2 O-O-O 12. O-O Nge7 13. Ra2 f5 14. h3 Rdf8 15.
Kh2 h6 16. Nh4 Rfg8 17. Qc1 Qa5 18. Nf3 Nd8 19. g3 Ba4 20. Rg1 Nf7 21. h4 Nc6
22. h5 g5 23. hxg6 Rxg6 24. Qf1 Rhg8 25. Rb2 R6g7 26. Rg2 Kb8 27. Qe1 Qd8 28.
Kg1 Qe7 29. Kf2 h5 30. Ng5 Rh8 31. Rh2 Nxg5 32. fxg5 Qf7 33. Qh1 Rgh7 34. Bf4
Kc8 35. Ke1 Ne7 36. Kd1 Bc6 37. Rh4 b6 38. Rb1 Kd8 39. Kd2 Be8 40. Be3 Qf8 41.
Rh2 Ng6 42. a4 Bxa4 43. Bxc4 Bc6 44. Be2 h4 45. Rf1 Qg7 46. g4 f4 47. Bf2 h3
48. Bd3 Kc7 49. Qf3 Qg8 50. Rfh1 a5 51. Kc1 Qe8 52. Rxh3 Rxh3 53. Rxh3 Rg8 54.
Rh7+ Kb8 55. Kb2 Bb5 56. Be1 Qc6 57. Bxg6 Rxg6 58. Qxf4 Qe8 59. Rf7 Rg8 60. Qf6
Be2 61. g6 Bd1 62. Kc1 Bxg4 63. g7 Qa4 64. Rf8+ Ka7 65. Rxg8 Qa1+ 66. Kd2 Qd1+
67. Ke3 Qxe1+ 68. Kf4 1-0

[Event "USCL Week 1"]
[Site "Internet Chess Club"]
[Date "2014.08.27"]
[Round "?"]
[White "Holt, Conrad"]
[Black "Matikozyan, Andranik"]
[Result "1-0"]
[WhiteElo "2664"]
[BlackElo "2538"]
[PlyCount "129"]
[EventDate "2014.??.??"]

1. d4 Nf6 2. c4 g6 3. Nc3 Bg7 4. e4 d6 5. Nf3 O-O 6. h3 c6 7. Bg5 a6 8. Bd3 b5
9. O-O Nbd7 10. a3 Bb7 11. Qe2 e5 12. d5 bxc4 13. Bxc4 c5 14. Rfc1 h6 15. Be3
a5 16. Rab1 Ne8 17. b4 cxb4 18. axb4 axb4 19. Rxb4 Bc8 20. Qd2 Kh7 21. Bd3 Ndf6
22. Nb5 Nh5 23. Na7 Bd7 24. Rb7 Nef6 25. Nc6 Qc8 26. Qb4 Ra4 27. Qxa4 Qxb7 28.
Qa3 Ne8 29. Rb1 Qc7 30. Qa6 Nf4 31. Bc2 Nf6 32. Kh2 N6xd5 33. exd5 Nxd5 34. Ba4
Nxe3 35. fxe3 d5 36. Qb7 Qd6 37. Qb4 Qc7 38. Qb7 Qd6 39. Kh1 e4 40. Nd2 Rc8 41.
Nd4 Rc7 42. Qb3 Bxh3 43. gxh3 Qg3 44. Nf1 Qxh3+ 45. Kg1 Qg4+ 46. Kf2 Bf6 47.
Ke1 Bh4+ 48. Kd2 Qg2+ 49. Ne2 d4 50. exd4 Bg5+ 51. Ke1 e3 52. Nxe3 Qe4 53. Nf1
Bh4+ 54. Kd1 Re7 55. Bb5 Qh1 56. Kc2 Rc7+ 57. Kb2 Qe4 58. Nd2 Qe7 59. Rf1 Bf6
60. Ne4 Bg7 61. N4c3 Rb7 62. Qd5 h5 63. Kc2 Rc7 64. Bc4 Qb4 65. Kd3 1-0

[Event "USCL Week 1"]
[Site "Internet Chess Club"]
[Date "2014.08.27"]
[Round "?"]
[White "Schill, William"]
[Black "Atoufi, Pedram"]
[Result "1-0"]
[WhiteElo "2215"]
[BlackElo "2355"]
[PlyCount "119"]
[EventDate "2014.??.??"]

1. e4 Nc6 2. Nf3 d6 3. d4 Nf6 4. Nc3 g6 5. d5 Nb8 6. Bg5 Bg7 7. Qd2 h6 8. Be3
a6 9. a4 Ng4 10. Bd4 Nf6 11. Be3 c5 12. h3 Qa5 13. Bd3 b5 14. O-O b4 15. Ne2 c4
16. Bxc4 Nxe4 17. Qc1 Bb7 18. Bd4 Bxd4 19. Nexd4 Qc5 20. Bd3 Bxd5 21. Re1 Ng5
22. Nxg5 Qxd4 23. Ne4 Kf8 24. Re3 Kg7 25. c3 Qb6 26. a5 Qb7 27. cxb4 Rc8 28.
Qe1 Nc6 29. Nc3 Bb3 30. b5 axb5 31. Bxb5 e5 32. Bxc6 Rxc6 33. Qd2 Rca6 34. Rd3
Qb4 35. Ne4 Qxd2 36. Rxd2 Rd8 37. Nc5 Rda8 38. Nxb3 Kf6 39. Rd5 Rb8 40. Rd3 Rb5
41. Rc1 Ke6 42. Rc7 h5 43. f3 h4 44. Kf1 Rb4 45. Ke2 g5 46. Kd2 f5 47. Rh7 e4
48. fxe4 fxe4 49. Re3 Kd5 50. Rg7 Kc4 51. Rc3+ Kb5 52. Rxg5+ Ka4 53. Kc2 e3 54.
Nc1 d5 55. Rxd5 Re4 56. Nd3 Rc6 57. Rxc6 e2 58. b3+ Ka3 59. Rc4 e1=Q 60. Nxe1
1-0

[Event "USCL Week 1"]
[Site "Internet Chess Club"]
[Date "2014.08.27"]
[Round "?"]
[White "Banawa, Joel"]
[Black "Anka, Emil"]
[Result "1-0"]
[WhiteElo "2454"]
[BlackElo "2497"]
[PlyCount "99"]
[EventDate "2014.??.??"]

1. d4 Nf6 2. c4 e6 3. Nc3 Bb4 4. Qc2 O-O 5. a3 Bxc3+ 6. Qxc3 b6 7. Bg5 Ba6 8.
Qf3 Nc6 9. e3 Na5 10. Rc1 Bb7 11. Bxf6 Qxf6 12. Qxf6 gxf6 13. b4 Nc6 14. f3 Ne7
15. Bd3 c5 16. Ne2 Rac8 17. Kf2 f5 18. h3 d5 19. cxd5 cxd4 20. Nxd4 Nxd5 21.
Nb5 Rxc1 22. Rxc1 Ba6 23. Bf1 Bxb5 24. Bxb5 Rd8 25. g3 Kg7 26. e4 fxe4 27. fxe4
Nf6 28. Ke3 a5 29. bxa5 bxa5 30. a4 h5 31. Bd3 Nd7 32. Be2 Nf6 33. Rc5 Kg6 34.
Rxa5 Rc8 35. Bd3 Kg7 36. Rb5 Rc3 37. a5 Ra3 38. Kd4 Ra4+ 39. Kc5 Ra3 40. Kc4
Ne8 41. Rxh5 Nd6+ 42. Kd4 f5 43. e5 Nf7 44. g4 Ra4+ 45. Bc4 fxg4 46. hxg4 Rxa5
47. Bxe6 Ra4+ 48. Bc4 Kg6 49. Kc5 Ng5 50. Bd3+ 1-0

[Event "USCL Week 2"]
[Site "Internet Chess Club"]
[Date "2014.09.02"]
[Round "?"]
[White "Andretta, Carlos Gaston"]
[Black "Sharevich, Anna"]
[Result "0-1"]
[WhiteElo "2228"]
[BlackElo "2367"]
[PlyCount "54"]
[EventDate "2014.??.??"]

1. Nf3 d5 2. c4 c6 3. g3 Nf6 4. Bg2 Bg4 5. b3 Nbd7 6. Bb2 e6 7. O-O Bd6 8. d3
Qe7 9. Nbd2 O-O 10. Rc1 Ba3 11. Bxa3 Qxa3 12. Rc2 a5 13. Qc1 Qe7 14. Qb2 e5 15.
cxd5 Nxd5 16. a3 Rfe8 17. Re1 f6 18. e4 Nc7 19. d4 Nb5 20. a4 Nxd4 21. Nxd4
exd4 22. Qxd4 Ne5 23. Re3 Red8 24. Qc3 b5 25. f4 b4 26. Qa1 Qa7 27. Qe1 Nd3 0-1

[Event "USCL Week 2"]
[Site "Internet Chess Club"]
[Date "2014.09.02"]
[Round "?"]
[White "Xiong, Jeffery"]
[Black "Ginsburg, Mark"]
[Result "1/2-1/2"]
[WhiteElo "2542"]
[BlackElo "2397"]
[PlyCount "30"]
[EventDate "2014.??.??"]

1. e4 c5 2. Na3 g6 3. c3 Bg7 4. Nf3 d6 5. d4 cxd4 6. cxd4 Nf6 7. Bd3 O-O 8. h3
Nc6 9. O-O d5 10. e5 Ne4 11. Be3 f6 12. exf6 exf6 13. Nb5 Be6 14. Bf4 g5 15.
Bh2 Rc8 1/2-1/2

[Event "USCL Week 2"]
[Site "Internet Chess Club"]
[Date "2014.09.02"]
[Round "?"]
[White "Akobian, Varuzhan"]
[Black "Gonzalez, Renier"]
[Result "1-0"]
[WhiteElo "2758"]
[BlackElo "2510"]
[PlyCount "87"]
[EventDate "2014.??.??"]

1. d4 c5 2. d5 e5 3. e4 d6 4. Nc3 a6 5. a4 g6 6. f4 Nd7 7. Nf3 Bg7 8. Bc4 Nb6
9. Bd3 Bg4 10. O-O exf4 11. Bxf4 Nd7 12. h3 Bxf3 13. Qxf3 Qe7 14. Kh1 Ne5 15.
Qf2 h6 16. Be2 Nf6 17. Qe3 Nfd7 18. a5 Kf8 19. Na4 Kg8 20. Rab1 Qd8 21. Qd2 Rc8
22. c4 Nf6 23. Bxe5 dxe5 24. Nb6 Rc7 25. Qe3 Bf8 26. Na4 Nd7 27. Qf2 Rh7 28.
Bg4 Nb8 29. h4 h5 30. Bh3 Be7 31. g3 Nd7 32. Kg2 Nf6 33. Rbe1 Nd7 34. Rd1 Bd6
35. Bxd7 Qxd7 36. Qf6 Be7 37. Qxe5 Bd6 38. Qf6 Be7 39. Qf4 Bd6 40. e5 Qxa4 41.
exd6 Rd7 42. Rde1 Qxa5 43. Re8+ Kg7 44. Re7 1-0

[Event "USCL Week 2"]
[Site "Internet Chess Club"]
[Date "2014.09.02"]
[Round "?"]
[White "Wilkins, Jacob"]
[Black "Hoyos, Carlos"]
[Result "1/2-1/2"]
[WhiteElo "1909"]
[BlackElo "2098"]
[PlyCount "96"]
[EventDate "2014.??.??"]

1. Nf3 Nf6 2. c4 e6 3. Nc3 d5 4. cxd5 exd5 5. d4 c6 6. Bg5 Be7 7. Qc2 Nbd7 8.
e3 O-O 9. Bd3 b5 10. O-O h6 11. Bf4 Bb7 12. h3 a6 13. Ne5 c5 14. dxc5 Nxc5 15.
Bf5 Qb6 16. Ne2 Nce4 17. Nd4 Bc5 18. Rfd1 Rad8 19. Rac1 Bxd4 20. Rxd4 Nd6 21.
Bd3 Rc8 22. Qd1 Rxc1 23. Qxc1 Rc8 24. Qd1 Nde4 25. Be2 Nc5 26. Bh2 Ne6 27. Rd2
Qc5 28. Nd3 Qc6 29. Nb4 Qc1 30. Qxc1 Rxc1+ 31. Rd1 Rc8 32. Be5 Nd7 33. Bc3 Nb6
34. Bf3 Rd8 35. b3 f5 36. Bb2 a5 37. Nd3 a4 38. Rc1 Rc8 39. Rxc8+ Bxc8 40. Nb4
Bb7 41. Be2 axb3 42. axb3 Nc7 43. Be5 Na6 44. Nc2 Nd7 45. Bd4 Nc7 46. b4 Kf7
47. Bd3 g6 48. h4 h5 1/2-1/2

[Event "USCL Week 2"]
[Site "Internet Chess Club"]
[Date "2014.09.02"]
[Round "?"]
[White "Bhat, Vinay"]
[Black "Cozianu, Costin"]
[Result "1/2-1/2"]
[WhiteElo "2555"]
[BlackElo "2466"]
[PlyCount "36"]
[EventDate "2014.??.??"]

1. d4 d5 2. c4 e6 3. Nf3 Nf6 4. Bg5 Be7 5. Nbd2 O-O 6. Qc2 Nbd7 7. Rc1 dxc4 8.
Qxc4 c5 9. dxc5 Nxc5 10. Bxf6 gxf6 11. e3 Bd7 12. Be2 Rc8 13. O-O Na4 14. Qg4+
Kh8 15. Rxc8 Qxc8 16. Bd3 Nxb2 17. Bxh7 Kxh7 18. Qh5+ Kg7 1/2-1/2

[Event "USCL Week 2"]
[Site "Internet Chess Club"]
[Date "2014.09.02"]
[Round "?"]
[White "Lee, Andy"]
[Black "Feng, Roland"]
[Result "0-1"]
[WhiteElo "2361"]
[BlackElo "2305"]
[PlyCount "60"]
[EventDate "2014.??.??"]

1. d4 Nf6 2. Bg5 c5 3. d5 g6 4. Nc3 d6 5. e4 Bg7 6. h3 a6 7. a4 h6 8. Be3 Qa5
9. f3 O-O 10. Nge2 Nbd7 11. Qd2 Kh7 12. Nc1 Nh5 13. Kf2 f5 14. exf5 gxf5 15.
Nd3 c4 16. Nf4 Nxf4 17. Bxf4 Qb6+ 18. Kg3 Qxb2 19. Re1 Bxc3 20. Rxe7+ Kg6 21.
Qe2 Be5 22. Qxc4 Nb6 23. Bxe5 Qxe5+ 24. Rxe5 Nxc4 25. Re7 Nb6 26. c4 Nxa4 27.
Kf4 Nc5 28. h4 Bd7 29. Rh3 Kf6 30. Re1 b5 0-1

[Event "USCL Week 2"]
[Site "Internet Chess Club"]
[Date "2014.09.02"]
[Round "?"]
[White "Stukopin, Andrey"]
[Black "Kavutskiy, Konstantin"]
[Result "1-0"]
[WhiteElo "2631"]
[BlackElo "2397"]
[PlyCount "95"]
[EventDate "2014.??.??"]

1. e4 e5 2. Bc4 Nf6 3. d3 c6 4. Nf3 d5 5. Bb3 Bb4+ 6. Bd2 Bxd2+ 7. Qxd2 O-O 8.
Nxe5 Qe7 9. f4 dxe4 10. d4 Be6 11. O-O Bxb3 12. axb3 Nd5 13. c4 Nc7 14. f5 f6
15. Ng4 c5 16. d5 Ne8 17. Qf4 g5 18. Qe3 Nd7 19. Nc3 Nd6 20. Rae1 Rae8 21. Qh3
b5 22. cxb5 Nb6 23. Nf2 Qe5 24. Ncxe4 Nxe4 25. Rxe4 Qxd5 26. Rfe1 Rxe4 27. Nxe4
Nd7 28. Qc3 Qxf5 29. Qc4+ Kh8 30. Nd6 Qg6 31. Qe6 Ne5 32. Qe7 Qg7 33. Qxg7+
Kxg7 34. Ra1 Kg6 35. Rxa7 Rd8 36. Nc4 Rd3 37. Na5 Ng4 38. Kf1 Rd2 39. Nc4 Rd3
40. b4 Rb3 41. Ra4 cxb4 42. b6 Nxh2+ 43. Ke2 Rg3 44. Ne3 Ng4 45. Nxg4 Rxg4 46.
b7 Re4+ 47. Kd3 Re8 48. Ra8 1-0

[Event "USCL Week 2"]
[Site "Internet Chess Club"]
[Date "2014.09.02"]
[Round "?"]
[White "Serna, Jeffrey"]
[Black "Casella, Michael"]
[Result "0-1"]
[WhiteElo "2074"]
[BlackElo "2262"]
[PlyCount "90"]
[EventDate "2014.??.??"]

1. e4 e5 2. Nf3 Nc6 3. Nc3 Nf6 4. d4 exd4 5. Nxd4 Bc5 6. Be3 Bb6 7. Bc4 O-O 8.
O-O Re8 9. Nxc6 bxc6 10. Bg5 d6 11. Qf3 Be6 12. Bxf6 Qxf6 13. Qxf6 gxf6 14. Bd3
Rab8 15. Nd1 a5 16. Kh1 d5 17. b3 Rbd8 18. Ne3 Bd4 19. Rae1 Bc3 20. Re2 a4 21.
Nd1 Bd4 22. c3 Bc5 23. exd5 Bxd5 24. b4 Be7 25. Rfe1 Be6 26. Be4 Rd6 27. a3 Bc4
28. Rb2 Bf8 29. g4 Rxe4 30. Ne3 Bh6 31. Kg2 Be6 32. Kf3 Rf4+ 33. Kg3 Rd3 34. f3
Rxc3 35. b5 Bd5 36. Nxd5 Rcxf3+ 37. Kg2 cxd5 38. b6 cxb6 39. Re8+ Kg7 40. Rxb6
Rb3 41. Rd6 Rxg4+ 42. Kf2 Rb2+ 43. Kf3 Rf4+ 44. Kg3 Re4 45. Ra8 Bf4+ 0-1

[Event "USCL Week 2"]
[Site "Internet Chess Club"]
[Date "2014.09.02"]
[Round "?"]
[White "Atoufi, Pedram"]
[Black "Guadalupe II, Francisco"]
[Result "0-1"]
[WhiteElo "2355"]
[BlackElo "2351"]
[PlyCount "88"]
[EventDate "2014.??.??"]

1. e4 e5 2. Nf3 Nc6 3. Bb5 a6 4. Ba4 Nf6 5. O-O Nxe4 6. d4 b5 7. Bb3 d5 8. dxe5
Be6 9. Qe2 Bc5 10. Be3 O-O 11. Rd1 Re8 12. Nbd2 Nxd2 13. Rxd2 d4 14. Bxe6 Rxe6
15. Ng5 Rxe5 16. Qh5 Qf6 17. Qxh7+ Kf8 18. Bxd4 Nxd4 19. Qh8+ Ke7 20. Qxa8 Qxg5
21. Rd3 Ne6 22. Rf1 Re2 23. Qc6 Bd6 24. g3 Qc5 25. Qxa6 Rxc2 26. Rb3 b4 27. a3
bxa3 28. bxa3 g6 29. Qa8 Ra2 30. a4 Qc4 31. Rb8 Bc5 32. Re8+ Kf6 33. a5 Qe2 34.
Qg2 Rxa5 35. h4 Kg7 36. Rc1 Bb6 37. Rf1 Rf5 38. Re7 Bd4 39. Re8 c5 40. h5 Rxh5
41. Ra8 Rf5 42. Ra3 Ng5 43. g4 Rf4 44. Rg3 Ne4 0-1

[Event "USCL Week 2"]
[Site "Internet Chess Club"]
[Date "2014.09.02"]
[Round "?"]
[White "Ramachandran, Karthik"]
[Black "Mateer, Amanda"]
[Result "1-0"]
[WhiteElo "2257"]
[BlackElo "2113"]
[PlyCount "125"]
[EventDate "2014.??.??"]

1. d4 Nf6 2. c4 c5 3. d5 e6 4. Nc3 exd5 5. cxd5 d6 6. e4 g6 7. Bd3 Bg7 8. h3
O-O 9. Nf3 a6 10. a4 Nbd7 11. O-O Re8 12. Re1 Qc7 13. Bf4 Nh5 14. Bh2 Ne5 15.
Be2 Nxf3+ 16. Bxf3 Nf6 17. e5 dxe5 18. d6 Qb6 19. Bxe5 Be6 20. a5 Qa7 21. Bxf6
Bxf6 22. d7 Rf8 23. Qd6 Rad8 24. Rxe6 fxe6 25. Qxe6+ Kg7 26. Ne4 Qb8 27. Nd6
Kh6 28. Re1 Qc7 29. Nf7+ Kg7 30. Nxd8 Rxd8 31. Rd1 Qxa5 32. Bxb7 Qb5 33. Bxa6
Qxb2 34. Bc4 Rf8 35. d8=Q Bxd8 36. Rxd8 Qxf2+ 37. Kh1 Rxd8 38. Qe7+ Kh6 39.
Qxd8 Qe1+ 40. Kh2 Qe5+ 41. g3 Qb2+ 42. Kg1 Qc1+ 43. Bf1 Qe3+ 44. Kh2 Qf2+ 45.
Bg2 Kg7 46. Qe7+ Kh6 47. Qe5 g5 48. h4 gxh4 49. Qf4+ Qxf4 50. gxf4 Kh5 51. Kh3
c4 52. Bf3+ Kg6 53. Be4+ Kh6 54. Kxh4 c3 55. Bc2 Kg7 56. Kg5 Kh8 57. Kh6 Kg8
58. Bxh7+ Kf7 59. Kg5 Kg7 60. Bc2 Kf7 61. Bb3+ Kg7 62. Kf5 Kf8 63. Kf6 1-0

[Event "USCL Week 2"]
[Site "Internet Chess Club"]
[Date "2014.09.02"]
[Round "?"]
[White "Collyer, Curt"]
[Black "Kraai, Jesse"]
[Result "1-0"]
[WhiteElo "2302"]
[BlackElo "2589"]
[PlyCount "113"]
[EventDate "2014.??.??"]

1. d4 e6 2. c4 Nf6 3. Nc3 Bb4 4. f3 d5 5. a3 Be7 6. cxd5 exd5 7. e3 O-O 8. b4
a5 9. b5 c5 10. Bd3 Nbd7 11. Nge2 Nb6 12. O-O Be6 13. g4 Rc8 14. Qe1 Qc7 15.
Nd1 Nc4 16. g5 Nh5 17. Qh4 g6 18. f4 f5 19. Bxc4 dxc4 20. Bb2 Rfd8 21. Qe1 Bf8
22. dxc5 Bf7 23. Nd4 Bxc5 24. Qc3 Bxd4 25. exd4 Rd5 26. Qd2 Rxb5 27. Nc3 Rxb2
28. Qxb2 Nxf4 29. Rad1 Nd5 30. Nxd5 Bxd5 31. Qb5 Qd8 32. Kf2 c3 33. Rfe1 c2 34.
Rc1 Bf7 35. Qd3 Qxg5 36. Rxc2 Qh4+ 37. Kf1 Rxc2 38. Qxc2 Qxd4 39. Qc8+ Kg7 40.
Re7 Qf4+ 41. Ke2 Qxh2+ 42. Kf1 Qh3+ 43. Kg1 Qg3+ 44. Kf1 Qd3+ 45. Kg1 Qd1+ 46.
Kf2 Qd2+ 47. Kf1 Qd3+ 48. Kf2 Kf6 49. Rd7 Qxa3 50. Qh8+ Ke6 51. Qd4 Qb4 52.
Qd5+ Kf6 53. Qxf7+ Kg5 54. Qe7+ Qxe7 55. Rxe7 Kf4 56. Rxh7 b5 57. Ra7 1-0

[Event "USCL Week 2"]
[Site "Internet Chess Club"]
[Date "2014.09.02"]
[Round "?"]
[White "Golub, David"]
[Black "Niemann, Hans"]
[Result "1-0"]
[WhiteElo "2270"]
[BlackElo "2136"]
[PlyCount "123"]
[EventDate "2014.??.??"]

1. Nf3 Nf6 2. c4 e6 3. Nc3 d5 4. d4 Be7 5. Bf4 c6 6. e3 O-O 7. h3 Nbd7 8. cxd5
exd5 9. Bd3 Re8 10. Qc2 Nf8 11. g4 Ng6 12. Bh2 Bb4 13. a3 Bxc3+ 14. Qxc3 Ne4
15. Qc2 Qe7 16. O-O-O Bd7 17. Kb1 Rac8 18. Ne5 Nxe5 19. dxe5 h6 20. Rc1 Qh4 21.
Rcf1 c5 22. f3 Ng5 23. Qg2 Ne6 24. f4 c4 25. Bc2 c3 26. f5 Nc5 27. f6 Ne4 28.
b3 Qg5 29. Bf4 Qg6 30. Ka2 Bb5 31. Rd1 Bc6 32. fxg7 a5 33. Rd4 a4 34. b4 Bb5
35. Rhd1 Bc4+ 36. Ka1 Bb3 37. Bxe4 dxe4 38. Rc1 c2 39. Qxe4 Qxe4 40. Rxe4 Kxg7
41. Kb2 Red8 42. Rd4 Kg6 43. h4 h5 44. gxh5+ Kxh5 45. Bg5 Re8 46. Bf6 Rg8 47.
Rd7 Rg3 48. Bg5 b6 49. Rd6 b5 50. Rb6 Kg4 51. Rxb5 Kf3 52. Rc5 Re8 53. Bf6 Reg8
54. Bg5 Ke2 55. b5 Rb8 56. e6 Re8 57. e7 Rf3 58. b6 f6 59. Bf4 Rxe7 60. Rc7
Rxc7 61. bxc7 Be6 62. Rxc2+ 1-0

[Event "USCL Week 2"]
[Site "Internet Chess Club"]
[Date "2014.09.02"]
[Round "?"]
[White "Duckworth, Mark"]
[Black "Nemcova, Katerina"]
[Result "0-1"]
[WhiteElo "2316"]
[BlackElo "2362"]
[PlyCount "150"]
[EventDate "2014.??.??"]

1. d4 Nf6 2. Bg5 d5 3. Bxf6 exf6 4. e3 Bd6 5. c4 dxc4 6. Bxc4 O-O 7. Nc3 Nd7 8.
Qc2 f5 9. Nge2 Nf6 10. h3 c6 11. O-O-O Re8 12. Bd3 g6 13. g4 fxg4 14. hxg4 Bxg4
15. Rdg1 Bf8 16. Rg3 Bg7 17. f3 Rxe3 18. fxg4 Rxg3 19. Nxg3 Qxd4 20. Kb1 Nxg4
21. Re1 Rd8 22. Be4 Qb4 23. Nge2 Ne3 24. Qb3 a5 25. Nc1 Nc4 26. Qxb4 axb4 27.
Na4 Re8 28. Kc2 Nd6 29. Nc5 b6 30. N1d3 bxc5 31. Bxc6 Rxe1 32. Nxe1 Nc4 33. Nd3
Ne5 34. Nxe5 Bxe5 35. a4 bxa3 36. bxa3 c4 37. Bd5 c3 38. Kd3 Kf8 39. a4 Ke7 40.
a5 f5 41. a6 Bb8 42. Kxc3 Kf6 43. Kd2 h5 44. Ke2 h4 45. Kf2 Ke5 46. Bc6 Kf4 47.
Kg2 g5 48. Kh3 Ba7 49. Bb7 Ke5 50. Bf3 Kf6 51. Bc6 Kg6 52. Bf3 Kh6 53. Be2 Kg6
54. Bf3 Kf6 55. Bb7 Ke5 56. Bf3 Kd4 57. Bb7 Ke3 58. Bc6 Bb8 59. Bb7 Ba7 60. Bc6
Bd4 61. Bb7 Bc5 62. Bc6 Bb6 63. Bb7 Ba7 64. Bc6 Bb6 65. Bb7 Bd4 66. Bc6 Kf4 67.
Bb7 Bf2 68. Kg2 Ba7 69. Kh3 Bb8 70. Bc6 Ke3 71. Bb7 Kd4 72. Bc8 Ke4 73. Bb7+
Ke3 74. Bc6 Kf2 75. Bf3 Kxf3 0-1